000 00738cam a2200217 a 4500
001 4889204
005 20180223083124.0
008 931007s1994 nyua 000 0 eng
010 _a 93033842
020 _a0801310148
040 _aDLC
_cDLC
_dDLC
041 _aeng
080 _a428.24
082 0 0 _a428.24 NUM
_220
100 1 _a25
101 _aEDU
245 1 0 _aRaise the issues :
_cCarol Numrich, in cooperation with National Public Radio.
906 _a7
_bcbc
_corignew
_d1
_eocip
_f19
_gy-gencatlg
942 _2ddc
_cBK
999 _c43313
_d43313